The Kanyakubja Gauda Struggle: (Record no. 197085)

MARC details
000 -LEADER
fixed length control field 00566nam a22001817a 4500
005 - DATE AND TIME OF LATEST TRANSACTION
control field 20230911120943.0
010 ## - LCCN (DPL NO)
LC control number ENG-137788
020 ## - INTERNATIONAL STANDARD BOOK NUMBER
Terms of availability 500.00
International Standard Book Number 9788192061580
035 ## - SYSTEM CONTROL NUMBER
System control number EN-121320
037 ## - SOURCE OF ACQUISITION
Source of stock number/acquisition The Asiatic Society.
082 ## - DEWEY DECIMAL CLASSIFICATION NUMBER
Classification number 954.02
100 ## - MAIN ENTRY--PERSONAL NAME
Personal name Sircar,D.C.
245 ## - TITLE STATEMENT
Title The Kanyakubja Gauda Struggle:
Remainder of title From the 6th to the 12th Century A.D./
Statement of responsibility, etc by D.C.Sircar
260 ## - PUBLICATION, DISTRIBUTION, ETC. (IMPRINT)
Place of publication, distribution, etc kolkata
Name of publisher, distributor, etc Mihir kumar chakraborty
Date of publication, distribution, etc 2011
270 ## - ADDRESS
Address 1 Park Street
City Kolkata
300 ## - PHYSICAL DESCRIPTION
Extent 70p.
Dimensions 22cm(hbk)
Other physical details Index
942 ## - ADDED ENTRY ELEMENTS (KOHA)
Source of classification or shelving scheme Dewey Decimal Classification
Item type English Books
Call number suffix SIR
Classification part 954.02
Holdings
Withdrawn status Lost status Not for loan Collection code Home library Current library Date acquired Source of acquisition Cost, normal purchase price Full call number Barcode Copy number Koha item type
      Non-fiction Kadipur Kadipur 14/08/2023 DBAD/PUB 100.00 954.02 SIR EN-121320 1 English Books

© Delhi Public Library
Hit Counter
free hit counter